000 00792nam a2200241Ia 4500
001 21837
005 20260320113317.0
008 260320s9999||||xx |||||||||||||| ||und||
041 _aESP
082 _a985.004
_bV19
100 _aValdivia Cano, Juan Carlos,
_eAUT
245 0 _aHistoria , poder y resentimiento
_b
246 _a
_5
_b
260 _a[Lugar de publicación no identificado] :
_bShophia Editores,
_c2023
300 _avi, 161 páginas :
_b
_c21 cm.
_e
440 _a
_n
_v
650 _aHIS
653 _aMestizaje - Perú - Ensayos; Perú - Historia - Descubrimiento y Conquista, 1519-1536
654 _aCHU
700 _a
_c
856 _uhttps://0u20jlrrw-y-https-www-jstor-org.itmsp.museknowledge.com/
_zVéase además: Base de datos JSTOR
942 _cLIB
_dJUS
_fMAT
_2ddc
_n
999 _c21837
_d21837